UTILIZATION OF DIFFERENT RATES OF COMPOST ON EGGPLAN IN THMORKOL DISTRICTT ការប្រើប្រាស់កប៉ុស្តិ៍គោកក្នុងកម្រិតខុសគ្នាលើដំណាំត្រប់វែងនៅស្រុកថ្មគោល (Record no. 22723)

000 -LEADER
fixed length control field 00661nam a22001337a 4500
040 ## - CATALOGING SOURCE
Transcribing agency RUA
082 ## - DEWEY DECIMAL CLASSIFICATION NUMBER
Classification number AGR PHA 2021 B1-570 Or.
100 ## - MAIN ENTRY--AUTHOR NAME
Personal name PHANN YI ផាត់​ យី
245 ## - TITLE STATEMENT
Title UTILIZATION OF DIFFERENT RATES OF COMPOST ON EGGPLAN IN THMORKOL DISTRICTT ការប្រើប្រាស់កប៉ុស្តិ៍គោកក្នុងកម្រិតខុសគ្នាលើដំណាំត្រប់វែងនៅស្រុកថ្មគោល
260 ## - PUBLICATION, DISTRIBUTION, ETC. (IMPRINT)
Place of publication PHNOM PENH
Name of publisher RUA
Year of publication 2021
300 ## - PHYSICAL DESCRIPTION
Number of Pages IX.27P
Other physical details VII.
Dimensions 29CM
856 ## - ELECTRONIC LOCATION AND ACCESS
Uniform Resource Identifier https://drive.google.com/file/d/1cAbAxRMIPh0vrj2493AAvONqqeZy9inI/view?usp=sharing
942 ## - ADDED ENTRY ELEMENTS (KOHA)
Koha item type AGR
952 ## - LOCATION AND ITEM INFORMATION (KOHA)
Withdrawn status [LOCAL, KOHA] 0
952 ## - LOCATION AND ITEM INFORMATION (KOHA)
Withdrawn status [LOCAL, KOHA] 0
952 ## - LOCATION AND ITEM INFORMATION (KOHA)
Withdrawn status [LOCAL, KOHA] 0
952 ## - LOCATION AND ITEM INFORMATION (KOHA)
Withdrawn status [LOCAL, KOHA] 0
Holdings
Permanent Location Date acquired Koha item type Lost status Shelving location Barcode Current Location Full call number
Library Block B2024-03-28AGR B1.570a077985Library Block BAGR PHA 2021 B1-570 Or.
Library Block B2024-03-28AGR B1.570a078053Library Block BAGR PHA 2021 B1-570 Or.
Library Block B2024-03-28AGR B1.570a077993Library Block BAGR PHA 2021 B1-570 Or.
Library Block B2024-03-28AGR B1.570a077873Library Block BAGR PHA 2021 B1-570 Or.
មជ្ឈមណ្ឌលឯការនៃសាកលវិទ្យាល័យភូមិន្ទកសិកម្មចំការដូង

Powered by Koha